| 000 | 00501nam a22001577a 4500 | ||
|---|---|---|---|
| 003 | OSt | ||
| 008 | 260623b |||||||| |||| 00| 0 eng d | ||
| 020 | _a9788170196396 | ||
| 082 |
_a300.72 _bG97S |
||
| 100 | _aGupta, R.B. | ||
| 245 | _aSocial Science Research Methodology : Concepts and Processes/by R.B. Gupta | ||
| 260 |
_aDelhi : _bToday & Tomorrow Printers and Publishers _c2019. |
||
| 300 | _a164 p. | ||
| 650 | _aSocial sciences | India | Research methods | Social sciences | ||
| 942 |
_2ddc _cBK |
||
| 999 |
_c52222 _d52222 |
||